000 00514cam a2200145 4500500
005 20260208002334.0
041 _afre
042 _adc
100 1 0 _aLézé, Samuel
_eauthor
245 0 0 _aMarkos Zafiropoulos, Lacan et Lévi-Strauss ou le retour à Freud, 1951 – 1957, Paris, PUF, 2003, 256 p.
260 _c2005.
500 _a42
786 0 _nL'Homme | 173 | 1 | 2005-01-01 | p. 199h-283h | 0439-4216
856 4 1 _uhttps://shs.cairn.info/revue-l-homme-2005-1-page-199h?lang=fr&redirect-ssocas=7080
999 _c1645920
_d1645920